书目信息 |
| 题名: |
念力的秘密
|
|
| 作者: | 麦克塔格特 著 ;梁永安 译 | |
| 分册: | ||
| 出版信息: | 北京 中国青年出版社 2017 |
|
| 页数: | 13,229页 | |
| 开本: | 23cm | |
| 丛书名: | ||
| 单 册: | ||
| 中图分类: | B842.7 | |
| 科图分类: | ||
| 主题词: | 意识--研究 | |
| 电子资源: | ||
| ISBN: | 978-7-5153-4529-1 | |
| 000 | 01031nam0 2200265 450 | |
| 001 | 436 | |
| 005 | 20180520214205.50 | |
| 010 | @a978-7-5153-4529-1@dCNY39.00 | |
| 100 | @a20170215d2017 em y0chiy50 ea | |
| 101 | 1 | @achi@ceng |
| 102 | @aCN@b110000 | |
| 105 | @ay z 000yy | |
| 200 | 1 | @a念力的秘密@9nian li de mi mi@dThe intention experiment@f(美)琳内·麦克塔格特著@g梁永安译@zeng |
| 210 | @a北京@c中国青年出版社@d2017 | |
| 215 | @a13,229页@d23cm | |
| 312 | @a版权页副题名:释放你的内在力量 | |
| 330 | @a本书以各个大学的实验为基础,揭示出整个宇宙是由一个浩瀚的量子能量场互相连接。心思意念可以产生具体能量,如果善加利用,这种能量不但可以改善个人生活,而且通过众志成城足以改变世界。 | |
| 510 | 1 | @aIntention experiment@zeng |
| 517 | 1 | @a释放你的内在力量@9shi fang ni de nei zai li liang |
| 606 | 0 | @a意识@x研究 |
| 690 | @aB842.7@v5 | |
| 701 | 0 | @c(美)@a麦克塔格特@9mai ke ta ge te@c(女,McTaggart, Lynne)@4著 |
| 702 | 0 | @a梁永安@9liang yong an@4译 |
| 801 | 0 | @aCN@b91MARC@c20170215 |
| 905 | @aMuseLib@dB842.7@e2144 | |
| 念力的秘密=The intention experiment/(美)琳内·麦克塔格特著/梁永安译.-北京:中国青年出版社,2017 |
| 13,229页;23cm |
| ISBN 978-7-5153-4529-1:CNY39.00 |
| 本书以各个大学的实验为基础,揭示出整个宇宙是由一个浩瀚的量子能量场互相连接。心思意念可以产生具体能量,如果善加利用,这种能量不但可以改善个人生活,而且通过众志成城足以改变世界。 |
| ● |
| 相关链接 |
|
|
|
|
正题名:念力的秘密
索取号:B842.7/2144
 
预约/预借
| 序号 | 登录号 | 条形码 | 馆藏地/架位号 | 状态 | 备注 |
| 1 | 1102554 | 211025549 | 第一样本阅览室/ [索取号:B842.7/2144] | 在馆 | |
| 2 | 1102555 | 211025558 | 教育系资料室/ [索取号:B842.7/2144] | 在馆 | |
| 3 | 1102556 | 211025567 | 教育系资料室/ [索取号:B842.7/2144] | 在馆 | |
| 4 | 1102557 | 211025576 | 教育系资料室/ [索取号:B842.7/2144] | 在馆 | |
| 5 | 1102558 | 211025585 | 第一借阅区/ [索取号:B842.7/2144] | 在馆 | |
| 6 | 1102559 | 211025594 | 第一借阅区/ [索取号:B842.7/2144] | 在馆 |